|
|
|
|
| LEADER |
00605nam a2200193 4500 |
| 020 |
|
|
|a 74517910
|
| 037 |
|
|
|
| 082 |
|
|
|a 530.7 NAK
|
| 100 |
|
|
|a NAKRA B C & CHAUDHRY K K
|
| 245 |
|
|
|a INSTRUMENTATION MEASUREMENT AND ANALYSIS
|h English
|
| 250 |
|
|
|
| 260 |
|
|
|a NEW DELHI
|b TATA MCGRAW-HILLPUBLISHING COMPANY LTD
|c 1985
|
| 300 |
|
|
|a 529
|f PB
|
| 500 |
|
|
|
| 590 |
|
|
|
| 650 |
|
|
|a INSTRUMENTATION MEASUREMENT AND ANALYSIS-- FLOW MEASUREMENT-- FORCE-- PRESSURE
|
| 942 |
|
|
|c BK
|
| 999 |
|
|
|c 131196
|d 131196
|
| 952 |
|
|
|0 0
|1 0
|4 0
|6 530_700000000000000_NAK
|7 0
|9 144658
|a BTY
|b BTY
|l 0
|o 530.7 NAK
|p BTY570
|r 2019-10-24
|w 2019-10-24
|y BK
|